000
00311nam a2200121Ia 4500
005
20251222143155.0
008
251222s9999||||xx |||||||||||||| ||spa||
082
_a
980.57/P85
100
_a
Preston, Susan Harrington
245
0
_a
Frente al Cambio:
264
_b
Instituto Lingüístico de Verano
942
_c
LIB
999
_c
12837
_d
12837